<?xml version="1.0" encoding="UTF-8"?>
<record
    xmlns:xsi="http://www.w3.org/2001/XMLSchema-instance"
    xsi:schemaLocation="http://www.loc.gov/MARC21/slim http://www.loc.gov/standards/marcxml/schema/MARC21slim.xsd"
    xmlns="http://www.loc.gov/MARC21/slim">

  <leader>01116nam a2200229 i 4500</leader>
  <controlfield tag="001">120981</controlfield>
  <controlfield tag="003">ES-MaACL</controlfield>
  <controlfield tag="005">20230906191649.0</controlfield>
  <controlfield tag="007">t|</controlfield>
  <controlfield tag="008">070214m19201924fr      r    ||||1| fre d</controlfield>
  <datafield tag="245" ind1="0" ind2="0">
    <subfield code="a">Pr&#xE9;cis de pathologie chirurgicale / </subfield>
    <subfield code="c">B&#xE9;gouin [et al.].</subfield>
  </datafield>
  <datafield tag="260" ind1=" " ind2=" ">
    <subfield code="a">Paris : </subfield>
    <subfield code="b">Masson et Cie., </subfield>
    <subfield code="c">1920-24.</subfield>
  </datafield>
  <datafield tag="300" ind1=" " ind2=" ">
    <subfield code="a">4 v. : </subfield>
    <subfield code="b">il. ; </subfield>
    <subfield code="c">19 cm.</subfield>
  </datafield>
  <datafield tag="505" ind1="8" ind2=" ">
    <subfield code="a">Contiene: v. I: Pathologie chirurgicale g&#xE9;n&#xE9;rale : maladies g&#xE9;n&#xE9;rales des tissus, cr&#xE2;ne et rachis --- v. II: T&#xEA;te ; cou ; thorax --- v. III: Glandes mammaires ; abdomen ; appareil g&#xE9;nital de l'homme --- v. IV: Appareil urinaire ; gyn&#xE9;cologie ; fractures et luxations ; affections des membres</subfield>
  </datafield>
  <datafield tag="650" ind1=" " ind2="4">
    <subfield code="a">Patolog&#xED;a quir&#xFA;rgica.</subfield>
    <subfield code="9">136666</subfield>
  </datafield>
  <datafield tag="700" ind1="1" ind2=" ">
    <subfield code="a">B&#xE9;gouin, P.</subfield>
    <subfield code="9">27037</subfield>
  </datafield>
  <datafield tag="740" ind1="0" ind2=" ">
    <subfield code="a">Pathologie chirurgicale g&#xE9;n&#xE9;rale : maladies g&#xE9;n&#xE9;rales des tissus, cr&#xE2;ne et rachis.</subfield>
  </datafield>
  <datafield tag="740" ind1="0" ind2=" ">
    <subfield code="a">T&#xEA;te ; cou ; thorax.</subfield>
  </datafield>
  <datafield tag="740" ind1="0" ind2=" ">
    <subfield code="a">Glandes mammaires ; abdomen ; appareil g&#xE9;nital de l'homme.</subfield>
  </datafield>
  <datafield tag="740" ind1="0" ind2=" ">
    <subfield code="a">Appareil urinaire ; gyn&#xE9;cologie ; fractures et luxations ; affections des membres.</subfield>
  </datafield>
  <datafield tag="852" ind1=" " ind2=" ">
    <subfield code="a">ES-MaACL</subfield>
    <subfield code="j">B-11943-46</subfield>
  </datafield>
  <datafield tag="999" ind1=" " ind2=" ">
    <subfield code="c">120981</subfield>
    <subfield code="d">120981</subfield>
  </datafield>
  <datafield tag="952" ind1=" " ind2=" ">
    <subfield code="0">0</subfield>
    <subfield code="1">0</subfield>
    <subfield code="4">0</subfield>
    <subfield code="7">0</subfield>
    <subfield code="a">ATENEOM</subfield>
    <subfield code="b">ATENEOM</subfield>
    <subfield code="c">SPB</subfield>
    <subfield code="d">2008-01-17</subfield>
    <subfield code="e">SC</subfield>
    <subfield code="l">0</subfield>
    <subfield code="o">B-11943-46</subfield>
    <subfield code="p">1126091</subfield>
    <subfield code="r">2023-02-23 00:00:00</subfield>
    <subfield code="w">2023-02-23</subfield>
    <subfield code="y">MONOGRAFIA</subfield>
  </datafield>
</record>
